000 02540nam0a2200361 4500
001 RU\NLR\BIBL_A\022464723
005 20250523162927.0
010 _a978-5-394-06141-7
_9500
021 _aRU
_bКН-П-24-083285
_9КН-П-24-8301
035 _a(NLR Aleph) 022464723
090 _a13365619
_c13365619
100 _a20250220d2024 u y0rusy50 ca
101 0 _arus
102 _aRU
105 _ay j 000zy
181 0 _ai4
_baxxe
182 0 _an
200 1 _aРоссия и мир: отечественная культура в контексте мировой цивилизации
_eучебное пособие для студентов с ограниченными возможностями здоровья и инвалидностью
_fколлектив авторов: Т. С. Белова, В. П. Богданов, Л. Б. Дементьева [и др.]
_gответственные редакторы: В. П. Богданов, Н. С. Диденко
_gРоссийская государственная специализированная академия искусств, межфакультетская кафедра гуманитарных дисциплин, ресурсный учебный методический центр
203 _aТекст
_bвизуальный
_cнепосредственный
210 _aМосква
_cДашков и К°
_d2024
215 _a195 с.
_d21
320 _aБиблиогр.: с. 193-195 (38 назв.)
607 _aРоссия
_jУчебно-методические пособия для высших учебных заведений
_xКультура
_92079142
_3RU\NLR\AUTH\661255015
686 1 _aТ3(2)0-7я73
701 1 _aБелова
_bТ. С.
_cканд. филол. наук, итальянский язык
_gТатьяна Сергеевна
_92651933
_3RU\NLR\AUTH\770279966
701 1 _7ca
_8rus
_aБогданов
_bВ. П.
_cд-р ист. наук, отечественная история
_f1980-
_gВладимир Павлович
_966995
_3RU\NLR\AUTH\7784067
701 1 _aДементьева
_bЛ. Б.
_gЛюдмила Борисовна
712 0 2 _4570
_aРоссийская государственная специализированная академия искусств
_bМежфакультетская кафедра гуманитарных дисциплин
_9842946
_3RU\NLR\AUTH\880588579
942 _cBOOK
980 _aNB